R (on the application of Powell and others) v SOS Communities and Local Government and another (Record no. 79273)
[ view plain ]
| 000 -LEADER | |
|---|---|
| fixed length control field | 02430cab a22002655a 4500 |
| 001 - CONTROL NUMBER | |
| control field | L140440 |
| 008 - FIXED-LENGTH DATA ELEMENTS--GENERAL INFORMATION | |
| fixed length control field | 070924e20070822xxk f v 000 0 eng d |
| 035 ## - SYSTEM CONTROL NUMBER | |
| System control number | (Sirsi) u140440 |
| 041 0# - LANGUAGE CODE | |
| Language code of text/sound track or separate title | eng |
| 245 00 - TITLE STATEMENT | |
| Title | R (on the application of Powell and others) v SOS Communities and Local Government and another |
| Medium | [electronic resource] |
| 260 ## - PUBLICATION, DISTRIBUTION, ETC. | |
| Date of publication, distribution, etc. | 2007 |
| 520 ## - SUMMARY, ETC. | |
| Summary, etc. | [2007] EWHC 2051 (Admin), 22 August 2007. Considers whether the compulsory purchase of land infringed homeowners' human rights. The applicant homeowners (P) applied to overrule a compulsory purchase order made by the respondent local authority. The Secretary of State appointed a public enquiry due to the number of objectors. P submitted that the Secretary of State's decision to uphold the compulsory purchase in accord with the findings of the enquiry was irrational as it ran contrary to her policy on affordable housing. P further submitted that there had been a breach of human rights as the inspector did not make his fact finding public. P also argued that the outcome of the enquiry was a foregone conclusion. "Held": It could not be said that the Secretary of State's decision was irrational due to the judgmental nature of housing policy. It was established by "R v SOS Environment ex p Holding and Barnes plc" (UKHL 23, 2003 2 AC 295, ABS64296) that the system of enquiries was fair. It was established the Human Rights protocols in question permitted interference with property and family rights. The enquiry had not been a foregone conclusion as the inspector had clearly considered all the objections. Application refused. |
| 590 ## - LOCAL NOTE (RLIN) | |
| Local note | KA |
| 650 24 - SUBJECT ADDED ENTRY--TOPICAL TERM | |
| Topical term or geographic name entry element | R V SOS COMMUNITIES AND ANOTHER |
| 650 24 - SUBJECT ADDED ENTRY--TOPICAL TERM | |
| Topical term or geographic name entry element | R V SOS ENVIRONMENT EX P HOLDING AND BARNES PLC |
| 650 24 - SUBJECT ADDED ENTRY--TOPICAL TERM | |
| Topical term or geographic name entry element | ACQUISITION OF LAND ACT 1981 S23 |
| 650 24 - SUBJECT ADDED ENTRY--TOPICAL TERM | |
| Topical term or geographic name entry element | CONVENTION FOR THE PROTECTION OF HUMAN RIGHTS AND FUNDAMENTAL FREEDOMS ART 6 |
| 650 24 - SUBJECT ADDED ENTRY--TOPICAL TERM | |
| Topical term or geographic name entry element | CONVENTION FOR THE PROTECTION OF HUMAN RIGHTS AND FUNDAMENTAL FREEDOMS ART 8 |
| 650 24 - SUBJECT ADDED ENTRY--TOPICAL TERM | |
| Topical term or geographic name entry element | CONVENTION FOR THE PROTECTION OF HUMAN RIGHTS AND FUNDAMENTAL FREEDOMS FIRST PROTOCOL ART 1 |
| 650 24 - SUBJECT ADDED ENTRY--TOPICAL TERM | |
| Topical term or geographic name entry element | FRANKLIN V MINISTER OF TOWN AND COUNTRY PLANNING |
| 651 #4 - SUBJECT ADDED ENTRY--GEOGRAPHIC NAME | |
| Geographic name | England and Wales |
| Chronological subdivision | 1543- |
| 690 ## - LOCAL SUBJECT ADDED ENTRY--TOPICAL TERM (OCLC, RLIN) | |
| Topical term or geographic name as entry element | ENVIRONMENTAL AND LAND CONSULTANCY-PLANNING AND DEVELOPMENT-COMPULSORY PURCHASE AND COMPENSATION |
| 856 40 - ELECTRONIC LOCATION AND ACCESS | |
| Uniform Resource Identifier | <a href="https://www.bailii.org/ew/cases/EWHC/Admin/2007/2051.html">https://www.bailii.org/ew/cases/EWHC/Admin/2007/2051.html</a> |
| Public note | View the judgment free of charge at www.bailii.org... |
| 942 ## - ADDED ENTRY ELEMENTS (KOHA) | |
| Suppress in OPAC | 0 |
| Withdrawn status | Lost status | Source of classification or shelving scheme | Damaged status | Not for loan | Home library | Current library | Shelving location | Date acquired | Total Checkouts | Full call number | Barcode | Date last seen | Copy number | Price effective from | Koha item type |
|---|---|---|---|---|---|---|---|---|---|---|---|---|---|---|---|
| Dewey Decimal Classification | Virtual | Virtual | Online | 24/09/2007 | ONLINE PUBLICATION | 140440-2001 | 06/08/2019 | 1 | 06/08/2019 | Law report |